000 00390cam a2200157ua 4500
041 _aeng
_h
082 _a824
_bEGN/BE
100 _aEgner, Robert E .
245 _aBertrand Russell`s best /
_cRobert E Egner.
_hTextual Documents
250 _a1 /
_b.
260 _aLondon :
_bGeorge Allen & Unwin Ltd ,
_c1959.
300 _a113 ; .
504 _a
942 _cBK
999 _c7594
_d7594